U.S. government manual

Bibliographic Details
Format: Unknown
Language:Spanish
Published: Kaneohe, HI. : LLMC
Subjects:
Online Access:Acceso restringido

MARC

LEADER 00000ny a22000003n 4500
005 20110510145350.0
008 981123c19uu9999sp ar p 0 0 b0spa d
035 |a 2598 
040 |a BUS  |d vLex 
090 |c 1589  |d 1589 
245 0 0 |a U.S. government manual  |h [Recurso electrn̤ico] 
246 3 |a Government manual 
246 3 |a United States government manual 
256 |a Servicio en ln̕ea 
260 |a Kaneohe, HI. :  |b LLMC 
506 1 |a Contenido solo disponible en los productos indicados  |d vLex Global  |d vLex Global (Academic Edition, excluding Law Schools)  |d vLex Global (U.S. Academic Edition, Law Schools)  |d vLex Global (U.S. Academic Edition, excluding Law Schools)  |d vLex Global (Academic Edition, Law Schools) 
650 0 4 |a Organismos administrativos  |z Estados Unidos  |x Publicaciones perid̤icas 
651 4 |a Estados Unidos  |x Polt̕ica y gobierno  |x Publicaciones perid̤icas 
740 0 |a vLex Revista (Servicios en ln̕ea) 
843 |a Electrn̤ica. Abierta 
853 |8 1  |i (year)  |j (month)  |k (day) 
856 4 0 |u http://vlex.com/source/2598  |z Acceso restringido 
942 |c REV 
999 0 |a Administrative agencies  |z United States  |v Databases 
999 0 |a United States  |v Databases